KOHA-Header-6

Simulation Modeling And Analysis (Record no. 6236)

000 -LEADER
fixed length control field 00256nam a2200109Ia 4500
020 ## - INTERNATIONAL STANDARD BOOK NUMBER
ISBN 978-0070366985
100 ## - MAIN ENTRY--AUTHOR NAME
Personal name Averill M. Law
245 #0 - TITLE STATEMENT
Title Simulation Modeling And Analysis
260 ## - PUBLICATION, DISTRIBUTION, ETC. (IMPRINT)
Place of publication New York
Name of publisher McGraw Hill Inc.
Year of publication 1991
300 ## - PHYSICAL DESCRIPTION
Number of Pages 759
942 ## - ADDED ENTRY ELEMENTS (KOHA)
Koha item type Books
Holdings
Withdrawn status Lost status Collection code Permanent Location Current Location Shelving location Date acquired Full call number Accession Number Koha item type
    Computer Science MAJU MAJU   2019-09-07 004.3 15 Computer Science

Powered by Koha